Dům v Betlémské : román /

Hlavní autor: Svatopluk, T., 1900-1972
Další autoři: Kittner, Slavomír, 1903-
Jazyk: Čeština
Vydáno: Moravská Ostrava ; Praha : Josef Lukasík, 1942
Edice: Edice moravských autorů Návrat
Externí odkaz: Digitalizovaný dokument
Fyzický popis: 313, [2] s. : il. ; 8°
Knihy
Uloženo v:
LEADER 01119nam a22002772a 4500
001 001436722
003 CZ BrMZK
005 20141112130339.0
007 ta
008 141112s1942 xr a er|||||||||||cze d
015 |a cnb000759912 
035 |a (OCoLC)85664732 
040 |a ABA001  |b cze  |c OSA001  |d ABA001  |d BOA001 
100 1 |a Svatopluk, T.,  |d 1900-1972  |7 jk01121858  |4 aut 
245 1 0 |a Dům v Betlémské :  |b román /  |c T. Svatopluk ; ilustrace a obálku navrhl S. Kittner 
260 |a Moravská Ostrava ;  |a Praha :  |b Josef Lukasík,  |c 1942 
300 |a 313, [2] s. :  |b il. ;  |c 8° 
490 1 |a Edice moravských autorů Návrat ;  |v sv. 18 
500 |a Dostupné též v digitální podobě v aplikaci Kramerius 
700 1 |a Kittner, Slavomír,  |d 1903-  |7 ola200206233  |4 ill  |4 bjd 
830 0 |a Edice moravských autorů Návrat  |0 s 
856 4 1 |u http://www.digitalniknihovna.cz/mzk/uuid/uuid:aa9544b0-b057-11e4-a7a2-005056827e51  |y Digitalizovaný dokument  |x NDK 
910 |a BOA001  |b 2-0344.188 
990 |a BK 
991 |b 201411 
996 6 |b 2619054751  |c 2-0344.188  |l MZK  |r Sklad / do 24 hodin  |n 0  |w 001471520  |u 000010  |a 1  |e BOA001  |j MZK50  |s P